| 000 | 00860cab a2200241 4500 | ||
|---|---|---|---|
| 001 | WB2532-10 | ||
| 008 | 090401t1989 xxu||||| |||| 00| 0 eng d | ||
| 035 | _a(Sirsi) u16676 | ||
| 041 | _aeng | ||
| 245 | _aPrices slashed as gazundering flourishes | ||
| 260 | _c1989 | ||
| 350 | _a0 | ||
| 490 |
_aGuardian _v12/8/89 p29 |
||
| 520 | _aAs initiatives to speed up the house purchase system in England and Wales continue to fall on deaf ears, this article highlights the plight of vendors forced to accept drastically-reduced prices in response to demands from buyers. | ||
| 650 | _aCONDITIONAL CONTRACTS | ||
| 650 | _aGAZUMPING | ||
| 650 | _aGAZUNDERING | ||
| 650 | _aPRE-CONTRACT DEPOSITS | ||
| 650 | _aPROPERTY INSPECTION CERTIFICATES | ||
| 690 | _aPROPERTY-RESIDENTIAL PROPERTY-RESIDENTIAL PROPERTY MARKET | ||
| 942 | _n0 | ||
| 948 | _c04/03/1997 | ||
| 999 |
_c11011 _d11011 |
||